Escritos fisiocráticos.

Saved in:
Bibliographic Details
Main Author: Quesnay, Francois (autor)
Other Authors: Candela Castillo, José E. (estudio preliminar, traducción)
Format: Book
Language:English
Published: Madrid, España: Centro de Estudios Constitucionales, 1985.
Series:Colección Civitas
Subjects:
Tags: Add Tag
No Tags, Be the first to tag this record!

MARC

LEADER 00000nam a22000007a 4500
003 CL-VaPUC
005 20220822114453.0
008 220606b1985 ||||| |||| 00| 0 eng d
999 |c 435809  |d 435807 
020 |a 84-259-0716-0 
040 |c Pontificia Universidad Católica de Valparaíso 
082 7 |a 330.152 QUE 1985  |2 22 
100 1 |a Quesnay, Francois   |9 870257  |e autor 
245 |a Escritos fisiocráticos.  
260 |a Madrid, España:   |b Centro de Estudios Constitucionales,   |c 1985.  
300 |a 123 páginas  
490 |a Colección Civitas 
500 |a c.1. Donación Familia Prof. Alejandro Guzmán Brito. 
583 |c 20220606  |k Cristina María Rojas Aguilar 
650 |a Fisiocracia  |9 463732 
700 |a Candela Castillo, José E.   |e estudio preliminar  |e traducción  |9 870258 
942 |2 ddc  |c BK  |n 0 
952 |0 0  |1 0  |2 ddc  |4 0  |6 330_152000000000000_QUE_1985  |7 0  |8 C_AGB  |9 583427  |a BIBDER  |b BIBDER  |d 2022-06-06  |e Donación   |i 5651556  |o 330.152 QUE 1985  |p 5651556  |r 2023-01-25  |t 1  |w 2022-06-06  |y BK_US  |k AGB